| 000 | 00484nam a22001697a 4500 | ||
|---|---|---|---|
| 003 | CEME | ||
| 005 | 20210628205241.0 | ||
| 008 | 210223b xxu||||| |||| 00| 0 eng d | ||
| 020 | _a81-203-0868-9 | ||
| 040 | _c. | ||
| 082 | _a621.3192 KOS'N | ||
| 100 |
_aKoska, Bart _974584 |
||
| 245 | _aNeural networks and fuzzy system a dynamical system approach to machine itelligence - with dislette | ||
| 260 |
_aNEWDELHI _bPRENTICE HALL _c1997 |
||
| 300 | _aXXVII, 449P | ||
| 942 |
_cBK _2ddc |
||
| 999 |
_c580100 _d580100 |
||